Trong và ngoài nghề báo

保存先:
書誌詳細
第一著者: HOÀNG PHƯƠNG
フォーマット: 図書
言語:Undetermined
出版事項: H. Văn Học 2002
主題:
タグ: タグ追加
タグなし, このレコードへの初めてのタグを付けませんか!
Thư viện lưu trữ: Trung tâm Học liệu Trường Đại học Cần Thơ
LEADER 00506nam a2200193Ia 4500
001 CTU_50192
008 210402s9999 xx 000 0 und d
082 |a 895.9228 
082 |b H407 
100 |a HOÀNG PHƯƠNG 
245 0 |a Trong và ngoài nghề báo 
245 0 |c HOÀNG PHƯƠNG 
260 |a H. 
260 |b Văn Học 
260 |c 2002 
650 |a vietnamese literature 
650 |y 20th century 
904 |i mInh 
980 |a Trung tâm Học liệu Trường Đại học Cần Thơ